000 00638nam a2200157 a 4500
008 120416s1982 ||||||||||||||||| || u
050 _aHD 9539.C7Z36 Mho
100 _aMhone, Guy C. Z
245 1 4 _aThe political economy of a dual labor market in Africa
246 _athe copper industry and dependency in Zambia, 1929-1969
260 _aLondon
_bAssociated University Press
_c1982
350 _a0.00
650 _aINDUSTRY
650 _aCOPPER INDUSTRY--ZAMBIA--1929-69
995 _D0.00
_FCBU-MAIN LIBRARY (Kitwe)
_H1
_I0.00
_M1
_UAVAILABLE
_ZMain Library Open Access Collection
999 _c53894
_d53894